| 000 | 00583nam a2200205 a 4500 | ||
|---|---|---|---|
| 005 | 20241106063711.0 | ||
| 008 | 020226s1990 es r 000 0 spa d | ||
| 020 | _a842770920X | ||
| 035 | _aUPN01000116539 | ||
| 049 | _aCG | ||
| 050 | 4 |
_aLB1048 _bM4.28 |
|
| 100 | 1 |
_aMeirieu, Philippe, _d1949- _929254 |
|
| 245 | 1 | 0 |
_aDeberes para casa / _cPhilippe Meirieu ; tr. Jesús García García. |
| 260 |
_aMadrid : _bNarcea, _c1990. |
||
| 300 | _a127 p. | ||
| 440 | 0 | _aPadres | |
| 534 |
_pTraducción de: _tLes devoirs á la maison |
||
| 650 | 2 |
_aTareas escolares _94301 |
|
| 905 | _aLibro | ||
| 999 |
_c89276 _d89276 |
||